[Event "Cerdanyola del Valles op-A 24th"]
[Site "Cerdanyola del Valles"]
[Date "2006.10.28"]
[Round "5.13"]
[White "Penalver Guardia, Francesco"]
[Black "Lopez Paredes, Alejandro"]
[Result "0-1"]
[WhiteElo "2035"]
[BlackElo "1950"]
[PlyCount "120"]
[EventDate "2006.09.30"]
[EventType "swiss"]
[EventRounds "8"]
[EventCountry "AUT"]
[SourceTitle "EXT 2024"]
[Source "ChessBase"]
[SourceDate "2023.10.10"]
[SourceVersion "1"]
[SourceVersionDate "2023.10.10"]
[SourceQuality "1"]

1. b3 d5 2. e3 e5 3. Nf3 e4 4. Ne5 Nf6 5. Bb2 Bd6 6. f4 exf3 7. Nxf3 Bg4 8. Qe2 Nc6 9. Na3 a6 10. 0-0-0 Qe7 11. Nb1 0-0 12. d3 Rfe8 13. Re1 Nb4 14. Nc3 c5 15. a3 Nc6 16. Qf2 Qc7 17. Kb1 b5 18. g3 d4 19. Nd1 Nd5 20. e4 Nb6 21. Nh4 Qd7 22. Nf5 Bxf5 23. exf5 Rxe1 24. Qxe1 Qxf5 25. Bg2 Qd7 26. Qe4 Ne7 27. Qb7 Qxb7 28. Bxb7 Ra7 29. Be4 f5 30. Bf3 Ned5 31. Re1 Re7 32. Rxe7 Bxe7 33. Bc1 Bd6 34. Bd2 Nf6 35. Nf2 Nbd5 36. Be2 f4 37. g4 Ne3 38. h3 h6 39. Ne4 Nxe4 40. dxe4 Kf7 41. Be1 Be7 42. Kc1 c4 43. Bb4 Ke8 44. Bxe7 Kxe7 45. Kd2 Ke6 46. b4 Ke5 47. Bf3 Ke6 48. h4 Ke5 49. Bh1 Nf1+ 50. Ke2 Ne3 51. Kd2 Nxg4 52. Bf3 Nf6 53. h5 Nxe4+ 54. Ke2 Ng3+ 55. Kf2 d3 56. c3 Ne4+ 57. Ke1 Nxc3 58. Kd2 Nb1+ 59. Kc1 Nxa3 60. Bb7 Kd4 0-1

[Event "Cerdanyola del Valles op-A 24th"]
[Site "Cerdanyola del Valles"]
[Date "2006.10.14"]
[Round "3.14"]
[White "Lopez Paredes, Alejandro"]
[Black "Carceller Perez, Francesco"]
[Result "1/2-1/2"]
[WhiteElo "1950"]
[BlackElo "1900"]
[PlyCount "20"]
[EventDate "2006.09.30"]
[EventType "swiss"]
[EventRounds "8"]
[EventCountry "AUT"]
[SourceTitle "EXT 2024"]
[Source "ChessBase"]
[SourceDate "2023.10.10"]
[SourceVersion "1"]
[SourceVersionDate "2023.10.10"]
[SourceQuality "1"]

1. e4 c5 2. d4 cxd4 3. Nf3 Nc6 4. c3 d6 5. cxd4 Bg4 6. Be2 Nf6 7. Nc3 e6 8. Be3 Be7 9. 0-0 0-0 10. Rc1 Qd7 1/2-1/2

[Event "Barcelona Rubi op-B 5th"]
[Site "Barcelona"]
[Date "2004.04.??"]
[Round "7"]
[White "Lopez Paredes, Alejandro"]
[Black "Niubo Calvo, Juan"]
[Result "1/2-1/2"]
[WhiteElo "1820"]
[BlackElo "1830"]
[PlyCount "44"]
[EventDate "2004.04.25"]
[EventType "swiss"]
[EventRounds "7"]
[EventCountry "ESP"]
[SourceTitle "EXT 2007"]
[Source "ChessBase"]
[SourceDate "2006.11.23"]
[SourceVersion "1"]
[SourceVersionDate "2006.11.23"]
[SourceQuality "1"]

1. e4 c5 2. Nc3 Nc6 3. g3 g6 4. Nge2 Bg7 5. d3 d6 6. Bg2 e5 7. 0-0 Nge7 8. Bd2 0-0 9. Qc1 f5 10. exf5 Nxf5 11. Bg5 Qa5 12. Nd5 Be6 13. Bd2 Qd8 14. c3 Rb8 15. Re1 Nce7 16. Nxe7+ Qxe7 17. f4 Qf7 18. fxe5 dxe5 19. c4 Nd4 20. Nxd4 Qf2+ 21. Kh1 Qxd4 22. Be3 Qxd3 1/2-1/2